Essays on biblical preaching /

সংরক্ষণ করুন:
গ্রন্থ-পঞ্জীর বিবরন
প্রধান লেখক: Adams, Jay Edward
বিন্যাস: গ্রন্থ
ভাষা:ইংরেজি
প্রকাশিত: Michigan : Zondervan, 1983.
মালা:The jay Adams library
বিষয়গুলি:
ট্যাগগুলো: ট্যাগ যুক্ত করুন
কোনো ট্যাগ নেই, প্রথমজন হিসাবে ট্যাগ করুন!

MARC

LEADER 00000nam a22000002 4500
001 0000021885
003 Daystar
005 20171002015500.0
008 060612s xx 000 0 eng d
020 |a 0310510414 
040 |a Daystar  |d Mnakali 
050 0 0 |a BV 4211.2  |b .A334 
100 1 |a Adams, Jay Edward. 
245 1 0 |a Essays on biblical preaching /  |c by Jay E. Adams. 
260 |a Michigan :  |b Zondervan,  |c 1983. 
300 |a 35 p. :  |b ill. 
440 4 |a The jay Adams library 
650 0 |a Preaching. 
908 |a 060612 
942 |c G 
952 |0 0  |1 0  |4 0  |6 BV_4211_200000000000000_A334  |7 0  |9 16325  |a DUA  |b DUA  |c GC  |d 2017-09-28  |l 0  |o BV 4211.2.A334  |p BK006518  |r 2017-09-28 00:00:00  |t    |w 2017-09-28  |x 12547  |y G 
999 |c 10328  |d 10328